000 00709nam a2200241Ia 4500
003 OSt
005 20220923224140.0
006 a|||||r|||| 00| 0
007 ta
008 Pun
024 _a226,524
037 _cTextual
040 _aARTS
_cARTS
_bPun
041 _2Pun
_aPun
082 _aO153,1NHADx, P5
100 _aਹਾਂਡਾ, ਤਰਲੋਕ ਸਿੰਘ
_9156274
245 0 _aਕੰਚਨਧਾਰਾ
260 _aਮੁੰਬਈ
_b ਸਵਰਾਜ ਪ੍ਰਕਾFਨ
_c2005
300 _a100ਪੰ
_ccm.
650 _aਪੰਜਾਬੀ ਸਾਹਿਤ
942 _hO153,1NHADx, P5
_cTEXL
_2CC
999 _c369536
_d369536